Cuatro Países con Banderas Similares #1 - Estadísticas

Estadísticas generales
  • Esta prueba ha sido intentada 6.493 veces
  • La puntuación promedio es 13 de 16
Estadísticas de respuestas
Imagen Respuesta % Correcto
Noruega
99%
Finlandia
98%
Dinamarca
97%
Argentina
96%
Islandia
96%
Rumania
92%
Andorra
91%
Honduras
90%
El Salvador
87%
Nicaragua
85%
Moldavia
83%
República Democrática del Congo
75%
Chad
74%
Tanzania
73%
Namibia
56%
San Cristóbal y Nieves
53%
No se encontraron pruebas coincidentes
Distribución de puntuación
Porcentaje de gente con cada puntuación
Porcentaje por número respondido
Historial de tus puntuaciones
No has intentado esta prueba.